| 000 | 00605nam a22002177a 4500 | ||
|---|---|---|---|
| 001 | 262 | ||
| 003 | KOHA_MİRAKIL | ||
| 005 | 20250527072405.0 | ||
| 008 | 230712b tu ||||| |||| 00| 0 tur d | ||
| 020 | _a975-6689-02-1 | ||
| 040 |
_aTR-AnANB _btur _cTR-AnANB |
||
| 090 | _aCeza Hukuku -126 | ||
| 110 | _aAnkara Barosu | ||
| 245 | 0 |
_aCeza Hukuku Ceza Muhakemeleri Usulü Hukuku / _cAnkara Barosu. |
|
| 250 | _a1.Basım | ||
| 260 |
_aAnkara: _bAnkara Barosu, _c2000. |
||
| 300 | _a504 Sayfa Ciltli | ||
| 650 | _aCeza Hukuku | ||
| 856 | _uhttps://ankarabarosu.org.tr/eyayin/kategori/2 | ||
| 942 |
_2ddc _cBK |
||
| 999 |
_c262 _d262 |
||